Central Library OPAC University of Rajshahi

Organic chemistry; how to solve it: (Record no. 11348)

MARC details
000 -LEADER
fixed length control field 00729nam a2200229 4500
001 - CONTROL NUMBER
control field 11348
003 - CONTROL NUMBER IDENTIFIER
rucl marc code BD-RjUL
005 - DATE AND TIME OF LATEST TRANSACTION
control field 20211208235117.0
008 - FIXED-LENGTH DATA ELEMENTS--GENERAL INFORMATION
fixed length control field 140126s1972 caua 000 0 eng
020 ## - INTERNATIONAL STANDARD BOOK NUMBER
International Standard Book Number 0877352089
035 ## - SYSTEM CONTROL NUMBER
System control number (BD-RjUL)11397
040 ## - CATALOGING SOURCE
Original cataloging agency DLC
Transcribing agency DLC
Modifying agency DLC
-- BD-RjUL
Language of cataloging eng
041 ## - LANGUAGE CODE
Language code of text/sound track or separate title eng
082 00 - DEWEY DECIMAL CLASSIFICATION NUMBER
Classification number 547.0076
Author mark and year WAO 1972
100 1# - MAIN ENTRY--PERSONAL NAME
Personal name Walker, Ruth A.
9 (RLIN) 35085
245 10 - TITLE STATEMENT
Title Organic chemistry; how to solve it:
Remainder of title the geometry of molecules /
Statement of responsibility, etc. By Ruth A. Walker. Illustrated by Roger Hayward.
260 ## - PUBLICATION, DISTRIBUTION, ETC. (IMPRINT)
Place of publication, distribution, etc. San Francisco, Calif. :
Name of publisher, distributor, etc. Freeman, Cooper,
Date of publication, distribution, etc. 1972.
300 ## - PHYSICAL DESCRIPTION
Pagination 251 p. :
Illustrations illus.
Size 26 cm.
650 #0 - SUBJECT ADDED ENTRY--TOPICAL TERM
Topical term or geographic name as entry element Chemistry, Organic
General subdivision Problems, exercises, etc.
9 (RLIN) 32781
942 ## - ADDED ENTRY ELEMENTS (KOHA)
Source of classification or shelving scheme Dewey Decimal Classification
Koha item type Books
Holdings
Lost status Source of classification or shelving scheme Damaged status Not for loan Collection code Permanent Location Current Location Shelving location Date acquired Source of acquisition Total Checkouts Full call number Date last seen Copy number Koha item type Cost, normal purchase price
  Dewey Decimal Classification     Non-fiction Central Library, University of Rajshahi Central Library, University of Rajshahi   07/01/1990 Asia Foundation.   547.0076 WAO 1972 26/01/2014 C-2 Books  
  Dewey Decimal Classification   Not For Loan Non-fiction Central Library, University of Rajshahi Central Library, University of Rajshahi Reading Room 07/01/1990 Asia Foundation.   547.0076 WAO 1972 18/05/2017 C-1 Books 0.00
  Dewey Decimal Classification     Non-fiction Central Library, University of Rajshahi Central Library, University of Rajshahi   29/08/1990 Asia Foundation.   547.0076 WAO 1972 18/05/2017 C-3 Books 0.00
  Dewey Decimal Classification     Non-fiction Central Library, University of Rajshahi Central Library, University of Rajshahi   31/10/1992 N/A   547.0076 WAO 1972 18/05/2017 C-4 Books 0.00